Statistics for Biggest U.S. Cities by Letter - J

Click here to take the quiz!

General Stats

  • This quiz has been taken 3,437 times
    (2,248 since last reset)
  • The average score is 10 of 17

Answer Stats

Population State Hint City % Correct
66,903TennesseeRailroad hubJackson
99%
164,422MississippiState capitalJackson
99%
32,605Michigan"Birthplace of the Republican Party"Jackson
99%
72,896North CarolinaMarine Camp LejeuneJacksonville
98%
903,889FloridaLargest city by land area
(in the lower 48)
Jacksonville
98%
32,113AlaskaState capitalJuneau
90%
42,838MissouriState CapitalJefferson City
81%
265,549New JerseyAcross the Hudson from NYCJersey City
78%
148,099Illinois"Prison Break"Joliet
55%
50,657MissouriOn Route 66Joplin
40%
76,990ArkansasArkansas State UniversityJonesboro
33%
65,813 TennesseeOne of the Tri-CitiesJohnson City
28%
65,524FloridaPlanetaryJupiter
27%
66,778WisconsinRock CountyJanesville
21%
47,432IndianaAcross from LouisvilleJeffersonville
18%
84,310GeorgiaAtlanta suburbJohns Creek
10%
108,393CaliforniaIncorporated in 2011{Jurupa} Valley
10%

Score Distribution

Percentile by Number Answered

Percent of People with Each Score

Your Score History

You have not taken this quiz since the last reset